00432nam a2200121Ia 4500008004100000100001900041245008400060245005200144260000900196300003800205440004900243650001800292171207s9999 xx 000 0 und d aBrown, Colton. a“Girls Can’t Play Ball”: Feminist Counseling Using A League of Their Own  cColton Brown, Tonya Hammer & Joseph M. Currin  c2017 apages 160-164, January-March 2017 aJournal of Creativity in Mental Healthv12:1 aMENTAL HEALTH